000 01710nam0a22003491 4500
001 RU\NLR\A1SV\6389
005 20251203171251.9
035 _a(NLR Aleph) 009691929
090 _a9739337
_c9739337
100 _a19990415d1923 u y0rusy50 ca
101 0 _arus
102 _aRU
200 1 _aЭпидемический энцефалит, его симптоматология и клиническая картина
_eС прил. ст.: Д-ра J.Kayser-Petersen'a: "История, клиника и эпидемиология эпидемического энцефалита". Д-ра A.Schnabel'я: "Этиология эпидемического энцефалита". Д-ра H.Higier'а: "К дифференциальной диагностике острого и хронического спорадического и эпидемического энцефалита"
_fПроф. М.И.Аствацатуров
210 _aПг.
_cПракт. медицина
_d1923
215 _a48 с.
_d28 см
620 _dСанкт-Петербург
700 1 _aАствацатуров
_bМ.И.
_f1877-1936
_gМихаил Иванович
_4070
702 1 _6z01790
_aКайзер-Петерсен
_bЮ.Э.
_f1886-
_gЮлиус Эмиль
_4070
702 1 _6z02790
_aШнабель
_bА.
_4070
702 1 _6z03790
_aХигиер
_bГ.
_gГенрих
_4070
790 1 _6z01702
_aKayser-Petersen
_bJ.
_4070
790 1 _6z02702
_aSchnabel
_bA.
_4070
790 1 _6z03702
_aHigier
_bH.
_4070
801 0 _aRU
_bNLR
_c19990415
899 _aРНБ
_j59-8/358
899 _aРГБ
899 _aОренбургОУНБ
942 _cBOOK
980 _aNB
980 _aA1SV
980 _aA1SV